000 00878cab a22002295a 4500
001 L160001
008 150113e2016 xxk 000 0 eng d
035 _a(Sirsi) u160001
041 0 _aeng
050 _a690.22
100 1 _aBlackman, Gary
245 0 0 _aRisky business
_h[electronic resource]
260 _aLondon
_bRICS
_c2016
490 _aRICS Building Surveying Journal
_vJuly 2016 - August 2016, 13(1)
520 _aIn the first of three articles assessing site risks, it considers pre-visit issues.
650 2 4 _aRISK ASSESSMENT
651 4 _aUnited Kingdom
_y
690 _aHealth and safety
_96244
856 4 0 _uhttps://www.rics.org/Global/BSJ%20BCJ%20July%20August%202016.pdf
_zView the article free of charge at www.rics.org...
856 4 0 _uhttps://www.rics.org/Global/BSJ%20BCJ%20July%20August%202016.pdf
_yAvailable free online via Issuu
942 _n0
_2ddc
999 _c85117
_d85117